<?xml version="1.0" encoding="UTF-8"?>
<collection xmlns="http://www.loc.gov/MARC21/slim">
  <record>
    <leader>00000nam  2200000   4500</leader>
    <controlfield tag="001">INLIS000000000002726</controlfield>
    <controlfield tag="005">20180724150348</controlfield>
    <controlfield tag="008">180724|||||||||   |   |||   |||| ||   | </controlfield>
    <datafield tag="035" ind1=" " ind2=" ">
      <subfield code="0">010-0718002726</subfield>
    </datafield>
    <datafield tag="041" ind1=" " ind2=" ">
      <subfield code="a">id</subfield>
    </datafield>
    <datafield tag="082" ind1=" " ind2=" ">
      <subfield code="a">R. 077</subfield>
    </datafield>
    <datafield tag="090" ind1=" " ind2=" ">
      <subfield code="a">R. 077 PIM I Angkatan XXXVII</subfield>
    </datafield>
    <datafield tag="100" ind1=" " ind2=" ">
      <subfield code="a">Nurzal, Erry Ricardo</subfield>
    </datafield>
    <datafield tag="245" ind1=" " ind2=" ">
      <subfield code="a">Kebijakan Sistem Perencanaan Terintegrasi Untuk Penguatan Akuntabilitas Di Kementerian Riset, Teknologi Dan Pendidikan Tinggi</subfield>
    </datafield>
    <datafield tag="260" ind1=" " ind2=" ">
      <subfield code="a">Jakarta</subfield>
      <subfield code="b">LAN Jakarta</subfield>
      <subfield code="c">2017</subfield>
    </datafield>
    <datafield tag="300" ind1=" " ind2=" ">
      <subfield code="a">ix; 22 hlm.; Lamp.; 30 cm</subfield>
    </datafield>
    <datafield tag="500" ind1=" " ind2=" ">
      <subfield code="a">Inovasi dari Proyek Perubahan ini adalah sistem perencanaan terintegrasi. Sistem perencanaan terintegrasi adalah sebuah sistem yang menghubungkan antara satker daerah dan satker pusat, antara satker pusat dan setjen cq Biro Perencanaan yang melakukan penelitian terhadap program dan anggaran, serta Itjen cq Inspektur yang melakukan review terhadap rogram dan anggaran.</subfield>
    </datafield>
    <datafield tag="650" ind1=" " ind2=" ">
      <subfield code="a">Perencanaan</subfield>
    </datafield>
  </record>
</collection>
